000 00650nam a2200217Ia 4500
003 GCL
008 140319s9999 xx 000 0 ara d
040 _aGCL /
_cGCL
082 0 4 _a301.2
_bهـ ت
100 1 _aهادى نعمان الهيتى
245 1 0 _aثقافة الاطفال ( عالم المعرفة 123 ) /
_cهادى نعمان الهيتى
300 _a263 ص
490 _aعالم المعرفة
_v0
650 0 4 _aالاطفال
650 0 4 _aالشخصية
650 0 4 _aعلم النفس التربوى
650 0 4 _aالثقافة
650 0 4 _aالسلوك
650 0 4 _aالاطفال, علم نفس
942 _2ddc
_cBK
999 _c51532
_d51532